000 00256nam a22000857a 4500
008 160705b xxu||||| |||| 00| 0 eng d
100 _92286
_a Scholastic Book
245 _aScholastic Dictionary of American English
260 _aUSA
_b Scholastic Book Service
_c1962
999 _c1968
_d1968